| 000 | 00630nam a2200229 a 4500 | ||
|---|---|---|---|
| 001 | 80402 | ||
| 003 | BD-RjUL | ||
| 005 | 20220920115104.0 | ||
| 008 | 220920s1962 enka 001 0 eng d | ||
| 035 | _a(BD-RjUL)80402 | ||
| 040 |
_aBD-RjUL _beng _cBD-RjUL |
||
| 041 | _aeng | ||
| 082 |
_223 _a537.1 _bATT 1962 |
||
| 100 | 1 |
_aAtkin, Ron, _d1926- _94912 |
|
| 245 | 1 | 0 |
_aTheoretical electromagnetism / _cby R.H. Atkin. |
| 260 |
_aLondon : _bHeinemann, _c1962. |
||
| 300 |
_a260 p. : _bill. ; _c23 cm. |
||
| 500 | _aIncludes index. | ||
| 650 | 0 |
_aElectromagnetic theory _94913 |
|
| 650 | 0 |
_aElectromagnetism. _94914 |
|
| 942 |
_2ddc _cBK |
||
| 999 |
_c80402 _d80402 |
||